Rubank advanced method : (Record no. 7063)
[ view plain ]
| 000 -LEADER | |
|---|---|
| fixed length control field | 00590nam a22002177a 4500 |
| 003 - CONTROL NUMBER IDENTIFIER | |
| control field | OSt |
| 005 - DATE AND TIME OF LATEST TRANSACTION | |
| control field | 20140310181923.0 |
| 008 - FIXED-LENGTH DATA ELEMENTS--GENERAL INFORMATION | |
| fixed length control field | 130719t xxu||||| |||| 00| 0 eng d |
| 050 ## - LIBRARY OF CONGRESS CALL NUMBER | |
| Classification number | MT 382 |
| Item number | .V974 1953 |
| 082 ## - DEWEY DECIMAL CLASSIFICATION NUMBER | |
| Classification number | TR 788.62 |
| Item number | V94 1953 |
| 100 ## - MAIN ENTRY--PERSONAL NAME | |
| Personal name | Voxman, H. |
| 9 (RLIN) | 1937 |
| 245 ## - TITLE STATEMENT | |
| Title | Rubank advanced method : |
| Remainder of title | clarinet vol. II / |
| Statement of responsibility, etc | H. Voxman |
| 260 ## - PUBLICATION, DISTRIBUTION, ETC. (IMPRINT) | |
| Place of publication, distribution, etc | Miami, Florida : |
| Name of publisher, distributor, etc | Rubank, Inc, |
| Date of publication, distribution, etc | c1953. |
| 300 ## - PHYSICAL DESCRIPTION | |
| Extent | 80 p. : |
| Other physical details | ill. ; |
| Dimensions | 30 cm. |
| 521 ## - TARGET AUDIENCE NOTE | |
| Target audience note | |
| 541 ## - IMMEDIATE SOURCE OF ACQUISITION NOTE | |
| -- | 1 |
| 562 ## - COPY AND VERSION IDENTIFICATION NOTE | |
| Number of copies | 1 |
| 650 ## - SUBJECT ADDED ENTRY--TOPICAL TERM | |
| Topical term or geographic name as entry element | Music. |
| 9 (RLIN) | 1429 |
| 650 ## - SUBJECT ADDED ENTRY--TOPICAL TERM | |
| Topical term or geographic name as entry element | Clarinet. |
| 9 (RLIN) | 1938 |
| 942 ## - ADDED ENTRY ELEMENTS (KOHA) | |
| Source of classification or shelving scheme | Library of Congress Classification |
| Koha item type | |
| Call number prefix | |
| Withdrawn status | Lost status | Source of classification or shelving scheme | Damaged status | Home library | Current library | Shelving location | Date acquired | Total Checkouts | Full call number | Barcode | Date last seen | Copy number | Price effective from | Koha item type |
|---|---|---|---|---|---|---|---|---|---|---|---|---|---|---|
| Library of Congress Classification | Luxembourg Library | Luxembourg Library | Teachers Reference Section | 07/19/2013 | MT 382 .V974 1953 vol.2 | 14958 | 08/13/2013 | 1 | 07/19/2013 | Books |